01308nam a22003378i 4500999001700000001001000017003000900027005001700036008004100053020002500094040004100119082002100160100003000181245007200211264005200283300003000335336002600365336003300391337002800424338002700452490005600479500003300535504005100568650004800619650005100667650003900718653002300757655002400780942001200804952015400816 c29299d29270018731215EG-ScBUE20210802123525.0180201s2017 enka f b 001 0 eng d a9781316601563 (pbk.) aStDuBDSbengerdacStDuBDSdEG-ScBUE04a327.101bALB2221 aAlbert, Mathias,eauthor.12aA theory of world politics /cMathias Albert, Bielefeld University. 1aCambridge :bCambridge University Press,c2017. axiii, 254 pages ;c24 cm. atext2rdacontentbtxt astill image2rdacontentbtxt aunmediated2rdamediabn avolume2rdacarrierbnc0 aCambridge studies in international relations ;v141 aOriginally published : 2016. aIncludes bibliographical references and index. 7aInternational relationsxPhilosophy.2BUEsh 7aInternational organizationxPhilosophy.2BUEsh 7aDifferentiation (Sociology)2BUEsh bBUSBOLcAugust2021 vReading book934232 2ddccBB 00102ddc40708BaccahaMAINbMAINc1STd2021-08-02ePurchaseg621.00h35755l0o327.101 ALBp000050466r2025-07-15 00:00:00v776.25w2021-08-02yBB